[Event "IPCA Wch-A 13th"]
[Site "Velke Losiny"]
[Date "2013.06.24"]
[Round "8"]
[White "Hoch, Vaclav"]
[Black "Kaydanovich, Marina"]
[Result "0-1"]
[WhiteElo "1860"]
[BlackElo "1816"]
[PlyCount "92"]
[EventDate "2013.06.18"]
[EventType "swiss"]
[EventRounds "9"]
[EventCountry "CZE"]
[SourceTitle "CBM 155 Extra"]
[Source "ChessBase"]
[SourceDate "2013.08.26"]
[SourceVersion "1"]
[SourceVersionDate "2013.08.26"]
[SourceQuality "1"]

1. e4 e5 2. Nf3 Nc6 3. Bb5 Bc5 4. 0-0 Nge7 5. c3 a6 6. Ba4 b5 7. Bb3 d6 8. h3 0-0 9. d4 exd4 10. cxd4 Bb6 11. Be3 Na5 12. Bc2 Nc4 13. Bc1 f5 14. b3 Na5 15. Bb2 fxe4 16. Bxe4 d5 17. Bc2 Nf5 18. Qd3 Nc6 19. a3 g6 20. g4 Nh4 21. Nxh4 Qxh4 22. Nd2 Bd7 23. Kg2 Rae8 24. Nf3 Qf6 25. Rae1 Nd8 26. Rxe8 Bxe8 27. Ba1 Ne6 28. Qd1 Nf4+ 29. Kg3 Nxh3 30. Kxh3 Qxf3+ 31. Qxf3 Rxf3+ 32. Kg2 Rf4 33. Kg3 g5 34. Re1 Bf7 35. Rd1 c6 36. Rd2 Bc7 37. Kh3 h5 38. Bf5 Rf3+ 39. Kg2 hxg4 40. Bxg4 Rxb3 41. Bd7 Rxa3 42. Bb2 Ra2 43. Bxc6 Bf4 44. Rc2 Kg7 45. Re2 Kf6 46. Bd7 Bc1 0-1